000 00314nam a2200121Ia 4500
008 190216s9999||||xx |||||||||||||| ||und||
100 _aArthur I Vogel
245 0 _aElementary Practical Organic Chemistry
260 _bThe English Language Book Society
_c1975
300 _a431p
650 _aChemistry
942 _cBK
999 _c2321
_d2321